<?xml version="1.0" encoding="UTF-8"?>
<collection xmlns="http://www.loc.gov/MARC21/slim">
    <record>
        <controlfield tag="001">57943</controlfield>
        <controlfield tag="005">20170327111856.0</controlfield>
        <datafield tag="024" ind1="7" ind2=" ">
            <subfield code="2">doi</subfield>
            <subfield code="a">10.1186/1471-2458-13-306</subfield>
        </datafield>
        <datafield tag="024" ind1="8" ind2=" ">
            <subfield code="2">sideral</subfield>
            <subfield code="a">81454</subfield>
        </datafield>
        <datafield tag="037" ind1=" " ind2=" ">
            <subfield code="a">ART-2013-81454</subfield>
        </datafield>
        <datafield tag="041" ind1=" " ind2=" ">
            <subfield code="a">eng</subfield>
        </datafield>
        <datafield tag="100" ind1=" " ind2=" ">
            <subfield code="a">Piñeiro, B.</subfield>
        </datafield>
        <datafield tag="245" ind1=" " ind2=" ">
            <subfield code="a">Gender differences in personality patterns and smoking status after a smoking cessation treatment</subfield>
        </datafield>
        <datafield tag="260" ind1=" " ind2=" ">
            <subfield code="c">2013</subfield>
        </datafield>
        <datafield tag="506" ind1="0" ind2=" ">
            <subfield code="a">Access copy available to the general public</subfield>
            <subfield code="f">Unrestricted</subfield>
        </datafield>
        <datafield tag="520" ind1="3" ind2=" ">
            <subfield code="a">Background: The lack of conclusive results and the scarce use of the Millon Clinical Multiaxial Inventory-III (MCMI-III) in the study of the relationship between smoking and personality are the reasons that motivated the study reported here. The aim of the present study was to analyze the influence of personality patterns, assessed with the MCMI-III, and of nicotine dependence on treatment outcomes at the end of the treatment and at 12 months follow-up in men and women smokers receiving cognitive-behavioral treatment for smoking cessation. 
Methods: The sample was made up of 288 smokers who received cognitive-behavioral treatment for smoking cessation. Personality patterns were assessed with the Millon Clinical Multiaxial Inventory-III (MCMI-III). Abstinence at the end of the treatment and at 12-month follow-up was validated with the test for carbon monoxide in expired air. 
Results: The results showed significant differences by personality patterns that predict nicotine dependence (Narcissistic and Antisocial in men and Schizoid in women). At the end of the treatment it is more likely that quit smoking males with a Compulsive pattern and less likely in those scoring high in Depressive, Antisocial, Sadistic, Negativistic, Masochistic, Schizotypal and Borderline. In women, it is less likely that quit smoking those with the Schizoid pattern. At 12 months follow-up it is more likely that continue abstinent those males with a high score in the Compulsive pattern. Furthermore, nicotine dependence was an important variable for predicting outcome at the end of the treatment and smoking status at 12 months follow-up in both men and women. 
Conclusions: We found substantial differences by gender in some personality patterns in a sample of smokers who received cognitive-behavioral treatment for smoking cessation. We should consider the existence of different personality patterns in men and women who seek treatment for smoking cessation.</subfield>
        </datafield>
        <datafield tag="536" ind1=" " ind2=" ">
            <subfield code="9">info:eu-repo/grantAgreement/ES/MINECO/BES-2009-012929</subfield>
            <subfield code="9">info:eu-repo/grantAgreement/ES/MINECO/PSI2008-02597-PSIC</subfield>
        </datafield>
        <datafield tag="540" ind1=" " ind2=" ">
            <subfield code="9">info:eu-repo/semantics/openAccess</subfield>
            <subfield code="a">by</subfield>
            <subfield code="u">http://creativecommons.org/licenses/by/3.0/es/</subfield>
        </datafield>
        <datafield tag="590" ind1=" " ind2=" ">
            <subfield code="a">2.321</subfield>
            <subfield code="b">2013</subfield>
        </datafield>
        <datafield tag="591" ind1=" " ind2=" ">
            <subfield code="a">PUBLIC, ENVIRONMENTAL &amp; OCCUPATIONAL HEALTH</subfield>
            <subfield code="b">51 / 162 = 0.315</subfield>
            <subfield code="c">2013</subfield>
            <subfield code="d">Q2</subfield>
            <subfield code="e">T1</subfield>
        </datafield>
        <datafield tag="655" ind1=" " ind2="4">
            <subfield code="a">info:eu-repo/semantics/article</subfield>
            <subfield code="v">info:eu-repo/semantics/publishedVersion</subfield>
        </datafield>
        <datafield tag="700" ind1=" " ind2=" ">
            <subfield code="a">López-Durán, A.</subfield>
        </datafield>
        <datafield tag="700" ind1=" " ind2=" ">
            <subfield code="0">(orcid)0000-0002-9645-8109</subfield>
            <subfield code="a">Fernández Del Rio, E.</subfield>
            <subfield code="u">Universidad de Zaragoza</subfield>
        </datafield>
        <datafield tag="700" ind1=" " ind2=" ">
            <subfield code="a">Martínez, U.</subfield>
        </datafield>
        <datafield tag="700" ind1=" " ind2=" ">
            <subfield code="a">Becoña, E.</subfield>
        </datafield>
        <datafield tag="710" ind1="2" ind2=" ">
            <subfield code="1">4009</subfield>
            <subfield code="2">740</subfield>
            <subfield code="a">Universidad de Zaragoza</subfield>
            <subfield code="b">Departamento de Psicología y Sociología</subfield>
            <subfield code="c">Psicología Social</subfield>
        </datafield>
        <datafield tag="773" ind1=" " ind2=" ">
            <subfield code="g">13, 1 (2013), 306 [10 pp]</subfield>
            <subfield code="p">BMC Public Health</subfield>
            <subfield code="t">BMC PUBLIC HEALTH</subfield>
            <subfield code="x">1471-2458</subfield>
        </datafield>
        <datafield tag="856" ind1="4" ind2=" ">
            <subfield code="s">222876</subfield>
            <subfield code="u">http://zaguan.unizar.es/record/57943/files/texto_completo.pdf</subfield>
            <subfield code="y">Versión publicada</subfield>
        </datafield>
        <datafield tag="856" ind1="4" ind2=" ">
            <subfield code="s">104319</subfield>
            <subfield code="u">http://zaguan.unizar.es/record/57943/files/texto_completo.jpg?subformat=icon</subfield>
            <subfield code="x">icon</subfield>
            <subfield code="y">Versión publicada</subfield>
        </datafield>
        <datafield tag="909" ind1="C" ind2="O">
            <subfield code="o">oai:zaguan.unizar.es:57943</subfield>
            <subfield code="p">articulos</subfield>
            <subfield code="p">driver</subfield>
        </datafield>
        <datafield tag="951" ind1=" " ind2=" ">
            <subfield code="a">2017-03-14-14:29:57</subfield>
        </datafield>
        <datafield tag="980" ind1=" " ind2=" ">
            <subfield code="a">ARTICLE</subfield>
        </datafield>
    </record>

    
</collection>